000 nam a22 a 4500
999 _c2947
_d2947
003 AKMAL
005 20170519080922.0
008 170519s2003 xxu 00 eng d
020 _a0131408968 (hbk.):
_cRM100.31
040 _aAKMAL
_cAKMAL
082 0 4 _a658 SQU
_221
090 0 0 _a658
_bSQU
245 0 0 _aInside Arthur Andersen :
_bshifting values, unexpected consequences /
_cSusan E. Squires...[et al.]
260 _aUpper Saddle River, NJ :
_bPrentice Hall,
_c2003
300 0 0 _axvii, 185p. :
_bill. ;
_c24cm
504 _aIncludes bibliographical references and index
650 0 _aCorporate culture
_95852
700 1 _aSquires, Susan E.
_96161
942 _2ddc
_cBOOK